UBT Library

RUSSIAN FOREIGN POLICY SINCE 1990 (Record no. 18649)

000 -LEADER
fixed length control field 00302nam a22001337a 4500
008 - FIXED-LENGTH DATA ELEMENTS--GENERAL INFORMATION
fixed length control field 170622b xxu||||| |||| 00| 0 eng d
020 ## - INTERNATIONAL STANDARD BOOK NUMBER
International Standard Book Number 9780813326337
041 ## - LANGUAGE CODE
Language code of text/sound track or separate title eng
080 ## - UNIVERSAL DECIMAL CLASSIFICATION NUMBER
Universal Decimal Classification number 32
100 ## - Rafti
Rafti 21
101 ## - Shkurtesa
Shkurtesa SHP
245 ## - TITLE STATEMENT
Title RUSSIAN FOREIGN POLICY SINCE 1990
Statement of responsibility, etc SHEARMAN,P
942 ## - ADDED ENTRY ELEMENTS (KOHA)
Source of classification or shelving scheme
Item type Books
Holdings
Withdrawn status Lost status Source of classification or shelving scheme Damaged status Not for loan Collection code Permanent location Current location Shelving location Date acquired Total Checkouts Full call number Barcode Date last seen Price effective from Koha item type
          Koleksioni i përgjithshem UBT - Lipjan UBT - Lipjan Koleksioni i përgjithshem 06/22/2017   32 SHEA 002-2908560 06/22/2017 06/22/2017 Books
UBT Library © 2015-2024. All rights reserved University Education for Business and Technology